Normal view
MARC view
- Deitel Deitel
Entry Personal Name
001 - CONTROL NUMBER
- control field: 12700
003 - CONTROL NUMBER IDENTIFIER
- control field: NUST
005 - DATE AND TIME OF LATEST TRANSACTION
- control field: 20181218052808.0
008 - FIXED-LENGTH DATA ELEMENTS
- fixed length control field: 181218|| aca||aabn | a|a d
040 ## - CATALOGING SOURCE
- Original cataloging agency: NUST
- Transcribing agency: NUST
100 ## - HEADING--PERSONAL NAME
- Personal name: Deitel Deitel
670 ## - SOURCE DATA FOUND
- Source citation: Work cat.: (NUST): Deitel Deitel, C++ How to Program /, 2004
